Arctic Animals - Statistics

General Stats
  • This quiz has been taken 32 times
  • The average score is 15 of 19
Answer Stats
Picture Answer % Correct
Arctic Wolf
92%
Bald Eagle
92%
Orca
92%
Seal
92%
Beluga Whale
88%
Moose
88%
Polar Bear
88%
Snowy Owl
88%
Canada Goose
83%
Musk Ox
83%
Shark
83%
Arctic Hare
79%
Sea Otter
79%
Snowshoe Hare
79%
Walrus
79%
Arctic Fox
75%
Puffin
71%
Caribou
63%
Ermine
17%
No matching quizzes found
Score Distribution
Percent of People with Each Score
Percentile by Number Answered
Your Score History
You have not taken this quiz